Pays par leur plus grand fleuve - Statistiques

Statistiques générales
  • Ce quiz a été pris 51 fois
  • Le résultat moyen est 11 sur 15
Statistiques - réponses
Hint Réponse % Correct
Amazone Brésil
100%
Loire France
100%
Yangtsé (Chang Jiang) Chine
98%
Mississipi Etats Unis
96%
Gange Inde
93%
Italie
93%
Volga Russie
93%
Rio Bravó(Rio Grande) Mexique
87%
Parana Argentine
78%
Shinano Japon
64%
Murray Australie
58%
Vistule Pologne
56%
Orange Afrique du sud
47%
Tagus Portugal
42%
Cheliff Algérie
36%
Aucun quiz correspondant
Distribution des résultats
% des personnes avec chaque résultat
Percentile par nombre de réponses
Votre historique - résultats
Vous n’avez pas pris ce quiz